Logo BPK

Bibliografia Prac Pracowników

Politechniki Koszalińskiej

Zarządzanie przez jakość jako jeden z elementów usprawniających procesy w małych i średnich przedsiębiorstwach / (Rekord nr 587)

Szczegóły MARC
000 -ETYKIETA REKORDU
podpole kontrolne o stałej długości 01231naa a2200217 i 4500
001 - NUMER KONTROLNY REKORDU
podpole kontrolne BPP
003 - IDENTYFIKATOR NUMERU KONTROLNEGO REKORDU
podpole kontrolne BPK
005 - DATA OSTATNIEJ MODYFIKACJI REKORDU
podpole kontrolne 20151006104258.0
008 - POLE O STAŁEJ DŁUGOŚCI - DANE KONTROLNE
podpole kontrolne o stałej długości 151006s2004 pl f |000 0 pol
040 ## - ŹRÓDŁO KATALOGOWANIA
Instytucja, która utworzyła rekord BPK
080 ## - UNIWERSALNA KLASYFIKACJA DZIESIĘTNA - UKD
UKD 005.6
100 ## - NAZWA OSOBOWA
Nazwa osobowa KOŁODZIEJCZYK, Bartosz.
Lata pracy 1999 - .
Instytucja Politechnika Koszalińska - Wydział Ekonomii i Zarządzania,
Wydział Katedra Organizacji i Zarządzania
245 ## - TYTUŁ/ODPOWIEDZIALNOŚĆ
Tytuł Zarządzanie przez jakość jako jeden z elementów usprawniających procesy w małych i średnich przedsiębiorstwach /
Pozostałe elementy strefy tytułu i oznaczenia odpowiedzialności Bartosz Kołodziejczyk.
260 ## - STREFA ADRESU WYDAWNICZEGO
Data publikacji, dystrybucji/powstania dokumentu 2004.
500 ## - UWAGI OGÓLNE
Tekst uwagi Dane z autopsji.
520 ## - UWAGA DOTYCZĄCA TREŚCI DOKUMENTU
Analiza dokumentacyjna, adnotacja itp. Procesy logistyczne, będące integralną częścią zjawisk, jak system organizacji produkcji, filozofia i sposoby myślenia o zarządzaniu przedsiębiorstwem, podlegają optymalizacji i nadzorowaniu na równi z wszystkimi innymi procesami obserwowanymi i zarządzanymi w przedsiębiorstwie.
650 #0 - HASŁO PRZEDMIOTOWE W FORMIE NAZWY OGÓLNEJ LUB JEDNOSTKOWEJ
Nazwa ogólna lub geograficzna Logistyka.
650 #0 - HASŁO PRZEDMIOTOWE W FORMIE NAZWY OGÓLNEJ LUB JEDNOSTKOWEJ
Nazwa ogólna lub geograficzna Zarządzanie jakością.
773 ## - TYTUŁ DOKUMENTU MACIERZYSTEGO
Wyrażenie wprowadzające W :
Tytuł Teoria i praktyka modelowania systemów logistycznych. -
Adres wydawniczy Koszalin : Wydaw. Uczelniane Politechniki Koszalińskiej, 2004. -
Informacje dotyczące relacji s. 356-365
Strefa serii Monografia Wydziału Ekonomii i Zarządzania / Politechnika Koszalińska ; nr 99
942 ## - HASŁO DODATKOWE - ELEMENTY(KOHA)
Typ dokumentu Artykuł
Schemat klasyfikacji Uniwersalna klasyfikacja dziesiętna

Brak dostępnych egzemplarzy.

© 2014 Biblioteka Politechniki Koszalińskiej :: BIBLIOGRAFIA PRAC PRACOWNIKÓW